BIBLIOTECA

SENCICO

El detalle en el diseño contemporáneo de oficinas / (Registro nro. 5062)

Detalles MARC
000 -LEADER
fixed length control field 01316nam a22002897a 4500
003 - CONTROL NUMBER IDENTIFIER
control field PE SENCICO BE
005 - DATE AND TIME OF LATEST TRANSACTION
control field 20251020182710.0
008 - FIXED-LENGTH DATA ELEMENTS--GENERAL INFORMATION
fixed length control field 250117b |||||||| |||| 00| 0 eng d
020 ## - INTERNATIONAL STANDARD BOOK NUMBER
International Standard Book Number 978-84-9801-759-5
040 ## - CATALOGING SOURCE
Original cataloging agency PE SENCICO BE
Transcribing agency PE SENCICO BE
041 ## - LANGUAGE CODE
Language code of text/sound track or separate title spa
082 ## - DEWEY DECIMAL CLASSIFICATION NUMBER
Classification number 747.8
Item number P68
100 1# - MAIN ENTRY--PERSONAL NAME
9 (RLIN) 325
Personal name Plunkett, Drew
Relator term autor
245 1# - TITLE STATEMENT
Title El detalle en el diseño contemporáneo de oficinas /
Statement of responsibility, etc. Drew Plunkett, Olga Reid
250 ## - EDITION STATEMENT
Edition statement 1a ed.
260 ## - PUBLICATION, DISTRIBUTION, ETC.
Place of publication, distribution, etc. Barcelona :
Name of publisher, distributor, etc. Blume ;
Date of publication, distribution, etc. 2014
300 ## - PHYSICAL DESCRIPTION
Extent 192 p. :
Other physical details ilustraciones a color, láminas ;
Dimensions 30 cm.
520 3# - SUMMARY, ETC.
Summary, etc. Analiza 42 de los mejores esquemas de interiorismo realizados en los últimos tiempos. Los diseños que se presentan cumplen con una amplia gama de objetivos, desde aquellos que tienen la intención de expresar la filosofía y la personalidad de la empresa hasta los que llevan a cabo un uso imaginativo del espacio, pasando por lo que buscan incentivar la fuerza de trabajo o los que desean utilizar soluciones de diseño sostenible.
650 10 - SUBJECT ADDED ENTRY--TOPICAL TERM
9 (RLIN) 44
Topical term or geographic name entry element Diseño de interiores
650 20 - SUBJECT ADDED ENTRY--TOPICAL TERM
9 (RLIN) 6
Topical term or geographic name entry element Oficinas
650 20 - SUBJECT ADDED ENTRY--TOPICAL TERM
9 (RLIN) 472
Topical term or geographic name entry element Arquitectura contemporánea
650 20 - SUBJECT ADDED ENTRY--TOPICAL TERM
9 (RLIN) 1793
Topical term or geographic name entry element Color en el diseño
650 20 - SUBJECT ADDED ENTRY--TOPICAL TERM
9 (RLIN) 18
Topical term or geographic name entry element Diseño arquitectónico
700 1# - ADDED ENTRY--PERSONAL NAME
9 (RLIN) 2834
Personal name Reid, Olga
Relator term autor
910 ## - USER-OPTION DATA (OCLC)
User-option data hfp
-- hfp
-- hfp
942 ## - ADDED ENTRY ELEMENTS (KOHA)
Source of classification or shelving scheme Dewey Decimal Classification
Koha item type Libros
Existencias
Fecha de la última vez que lo usaron Pago total Signatura topográfica completa Código de barras Precio efectivo desde Tipo de documento Estado perdido Sistema de clasificación Estado dañado No es para préstamo Retirado Ubicación permanente Ubicación actual Fecha de adquisición Fuente de adquisición
17/01/2025   747.8/P68 BibLima25010029 17/01/2025 Libros   Dewey Decimal Classification       Biblioteca Central Lima Biblioteca Central Lima 18/11/2024 Comprado de la librería Megabook